[Event "Navarra-chTA"]
[Site "Pamplona"]
[Date "2015.11.21"]
[Round "7.2"]
[White "Sanchez Carayol, Jesus Carlos"]
[Black "Salinas Alcalde, Inaki"]
[Result "1-0"]
[WhiteElo "2129"]
[BlackElo "1877"]
[PlyCount "31"]
[EventDate "2015.10.10"]
[EventType "team-tourn"]
[EventRounds "7"]
[EventCountry "ESP"]
[SourceTitle "CBM 169 Extra"]
[Source "ChessBase"]
[SourceDate "2015.12.18"]
[SourceVersion "1"]
[SourceVersionDate "2015.12.18"]
[SourceQuality "1"]
[WhiteTeam "San Juan"]
[BlackTeam "Runa"]
[WhiteTeamCountry "ESP"]
[BlackTeamCountry "ESP"]

1. e4 c5 2. Nf3 d6 3. d4 cxd4 4. c3 dxc3 5. Nxc3 Nf6 6. Bc4 Nc6 7. 0-0 g6 8. Qe2 Bg4 9. Rd1 Ne5 10. Nxe5 Be6 11. Bb5+ Bd7 12. Nxd7 Nxd7 13. e5 a6 14. Bxd7+ Qxd7 15. exd6 e6 16. Ne4 1-0

[Event "Navarra-chTA"]
[Site "Pamplona"]
[Date "2015.10.31"]
[Round "4.4"]
[White "Salinas Alcalde, Inaki"]
[Black "Arrese Igor Sanchez, Cesareo"]
[Result "0-1"]
[WhiteElo "1877"]
[BlackElo "1940"]
[PlyCount "52"]
[EventDate "2015.10.10"]
[EventType "team-tourn"]
[EventRounds "7"]
[EventCountry "ESP"]
[SourceTitle "CBM 169 Extra"]
[Source "ChessBase"]
[SourceDate "2015.12.18"]
[SourceVersion "1"]
[SourceVersionDate "2015.12.18"]
[SourceQuality "1"]
[WhiteTeam "Runa"]
[BlackTeam "Oberena"]
[WhiteTeamCountry "ESP"]
[BlackTeamCountry "ESP"]

1. d4 Nf6 2. c4 e5 3. d5 Bc5 4. Nc3 d6 5. Nf3 Bf5 6. Bg5 h6 7. Bh4 g5 8. Bg3 Nbd7 9. e3 Qe7 10. Be2 Bb4 11. a3 Bxc3+ 12. bxc3 Ne4 13. Qc1 Ndc5 14. Qb2 h5 15. h4 g4 16. Nd2 0-0 17. Nxe4 Nxe4 18. Rc1 Bg6 19. Rd1 f5 20. Qc1 Qf6 21. Bd3 f4 22. exf4 exf4 23. Bh2 Qxh4 24. Bxe4 Bxe4 25. g3 Qh3 26. gxf4 Rae8 0-1